Minecraft Achievements - Sudden Death - Statistics

General Stats
  • This quiz has been taken 237 times
  • The average score is 4 of 15
Answers on the Grid
Answers color-coded by a green-red scale on the quiz's grid according to % correct below.
Benchmaking
Time To Mine
Monster Hunter
When Pigs Fly
MOAR Tools
Into The Nether
The End?
The End
Repopulation
Pork Chop
Iron Man
Overpowered
You Need A Mint
Great View From Up Here
One Pickle, Two Pickle, Sea Pickle, Four
The End!
So It Begins
Out Of This World
I Am A Doctor
Step Forward
Iron Pick
Let's Craft!
You Got Yourself A Sweet Blade
Conduit Power Up
Arr Me Hearties!
Pick Me Up
Spider Man
That Hurt
Why Is That On Fire?
Nether Going Back There
 
Answer Stats
Answer % Correct
The End?
52%
Monster Hunter
38%
When Pigs Fly
31%
The End
28%
Great View From Up Here
27%
Into The Nether
27%
You Need A Mint
27%
One Pickle, Two Pickle, Sea Pickle, Four
26%
Iron Man
22%
MOAR Tools
18%
Time To Mine
16%
Overpowered
15%
Benchmaking
14%
Pork Chop
13%
Repopulation
11%
No matching quizzes found
Score Distribution
Percent of People with Each Score
Percentile by Number Answered
Your Score History
You have not taken this quiz